Statistics for Answers are Beverages

Click here to take the quiz!

General Stats

  • This quiz has been taken 45,303 times
  • The average score is 16 of 26

Answer Stats

Description Beverage % Correct
H2OWater
100%
Jesus turned water into thisWine
96%
What mammals makeMilk
94%
Lager or aleBeer
94%
When life gives you lemons, make thisLemonade
88%
The British have a time for thisTea
86%
Bourbon is a type of thisWhiskey
84%
Concentrated Italian coffeeEspresso
83%
The above, on iceIced Tea
81%
Creamy Christmas beverage, often
seasoned with nutmeg
Eggnog
78%
New Year's beverage of choiceChampagne
77%
Canada Dry, for exampleGinger Ale
61%
Liquor once rationed by the British NavyRum
56%
Screwdriver or mimosa ingredientOrange Juice
56%
The above, plus steamed milk
and chocolate
Cafe Mocha
54%
Drink of the Greek godsNectar
47%
The above, plus chopped fruit and brandySangria
47%
Used in a cult's mass suicideFlavor Aid
44%
7-11's brand of slushSlurpee
40%
Soda brand that supposedly has 23 flavorsDr Pepper
39%
Cocktail sometimes called a "Caucasian"White Russian
36%
Made from equal parts of the last twoArnold Palmer
34%
Brand of flavored drink used
by early astronauts
Tang
32%
Made from sassafrasRoot Beer
32%
Yogurt-based drink of India and PakistanLassi
21%
Thought to be a fungus, but actually made
from a yeast and bacteria mixture
Kombucha
9%

Score Distribution

Percentile by Number Answered

Percent of People with Each Score

Your Score History

You have not taken this quiz